00819nam a22002657ia450000500170000000800410001702000380005804000250009608200160012110000250013724500290016226400420019126400110023330000660024433600210031033700250033133800230035649000120037950000200039150000360041165000310044765000310047865000320050983000120054120200227221700.0190704t20192019nyuao j 001 0 eng d a9781489676535qhardbackcRM119.30 aPPAKbengcPPAKerda04a612.8212231 aOwen, Ruth,eauthor.10aHOW I SLEEP /cRuth Owen 1aNew York, NY :bAV2 by Weigl,c[2019] 4c©2019 a24 pages :bcolour illustrations, colour photographs ;c26 cm 2rdacontentatext 2rdamediaaunmediated 2rdacarrieravolume1 aMy Body aIncludes index. aIncludes exercises and answers.10aSleepvJuvenile literature20aBrainvJuvenile literature20aDreamsvJuvenile literature 0aMy body